Účtovníctvo vlastníckych transakcií

Guardado en:
Detalles Bibliográficos
Autor principal: Máziková, Katarína
Autor Corporativo: Ekonomická univerzita v Bratislave
Otros Autores: Ondrušová, Lucia, 1981-, Seneši, Norbert, Šlosárová, Anna, Krchňavá, Lucia
Formato: Libro
Lenguaje:eslovaco
Publicado: Bratislava Wolters Kluwer 2016
Edición:1. vyd.
Colección:Ekonómia
Materias:
Etiquetas: Agregar Etiqueta
Sin Etiquetas, Sea el primero en etiquetar este registro!

MARC

LEADER 00000nam a2200000 4500
001 0224131
005 20240502073652.9
020 |a 978-80-8168-501-9 
041 0 |a slo 
044 |a SK 
245 1 0 |a Účtovníctvo vlastníckych transakcií  |c Katarína Máziková, Lucia Ondrušová, Norbert Seneši ; recenzovali: Anna Šlosárová, Lucia Krchňavá 
250 |a 1. vyd. 
264 1 |a Bratislava  |b Wolters Kluwer  |c 2016 
300 |a 236 s. [13,76 AH] 
490 1 |a Ekonómia 
830 0 |a Ekonómia 
610 2 0 |a účtovníctvo 
610 2 0 |a spoločnosti obchodné 
610 2 0 |a úpravy právne 
610 2 0 |a zákonodarstvo obchodné 
610 2 0 |a vlastníctvo 
610 2 0 |a oceňovanie transferové 
100 1 |a Máziková, Katarína 
700 1 |a Ondrušová, Lucia, 1981- 
700 1 |a Seneši, Norbert 
700 1 |a Šlosárová, Anna 
700 1 |a Krchňavá, Lucia 
710 2 |a Ekonomická univerzita v Bratislave